000 00369nam a2200109Ia 4500
008 220217s9999 xx 000 0 und d
245 0 _aMedical gloves for single use. Part 2. Requirements and testing for physical properties (CD Form)
260 _c2015
500 _aStandard number: BS EN 455-2
650 _aMedical gloves-single use Physical properties
942 _cST
999 _c73300
_d73300